| 000 | 00657cab a2200253 4500 | ||
|---|---|---|---|
| 001 | ABS55792 | ||
| 008 | 090401t1996 xxu||||| |||| 00| 0 eng d | ||
| 035 | _a(Sirsi) u18832 | ||
| 041 | _aeng | ||
| 100 | _aBroad, M. | ||
| 245 | _aSurf`s up | ||
| 260 | _c1996 | ||
| 350 | _a0 | ||
| 490 |
_aProperty Week _v59(9) 6 September 1996, 24-25(2) |
||
| 520 | _aProfile of surfing shops - a growing sector of the retail market. | ||
| 650 | _aNEWQUAY | ||
| 650 | _aOCCUPIERS NEEDS | ||
| 650 | _aRETAILERS | ||
| 650 | _aSURF SHOPS | ||
| 650 | _aSURFWEAR | ||
| 690 | _aPROPERTY-COMMERCIAL PROPERTY-RETAIL PROPERTY | ||
| 942 | _n0 | ||
| 948 | _c04/03/1997 | ||
| 999 |
_c12530 _d12530 |
||